South American Geography by Letter - S - Statistics

General Stats
  • This quiz has been taken 58 times
  • The average score is 12 of 26
Answer Stats
Clue Answer % Correct
Language spoken by roughly one-half of South Americans Spanish
98%
Dutch-speaking country Suriname
98%
Largest city in Brazil São Paulo
96%
Mineral for which Argentina is named Silver
90%
Official capital of Bolivia Sucre
88%
State capital of Bahia, Brazil Salvador
72%
Object on the flags of Argentina and Uruguay {Sun} of May
72%
City with the tallest building in South America Santiago
64%
Largest city in Bolivia Santa Cruz
62%
Famous mountain in Rio de Janeiro Sugarloaf
62%
Currency of Peru Sol
50%
Top agricultural export of Brazil Soybeans
46%
Landscape of the Cerrado and Llanos Savanna
36%
Second largest winemaking province in Argentina San Juan
30%
Leading political party in Venezuela United {Socialist}
30%
City with Brazil's largest port Santos
28%
Brazil's "reggae capital" São Luís
28%
___ ______ de Tucumán San Miguel
26%
State home to Florianópolis Santa Catarina
26%
Province home to Rosario Santa Fe
22%
Colombian port city on the Caribbean Sea Santa Marta
22%
Smallest state of Brazil Sergipe
20%
Top Colombian tourist island San Andrés
18%
Longest river entirely in Brazil São Francisco
16%
___ ____ do Rio Preto São José
10%
Easternmost point in South America Ponta do {Seixas}
6%
No matching quizzes found
Score Distribution
Percent of People with Each Score
Percentile by Number Answered
Your Score History
You have not taken this quiz